Романтична проблематика християнського міфу у "Quid est veritas?" Наталени Королеви (Запис № 579662)

МАРК-запис
000 -Лідер
fixed length control field 01021 a2200229 4500
003 - Ідентифікатор контрольного номера
control field UA-OsUOA
005 - Дата та час останнього входження (трансакції)
control field 20260205132550.0
008 - Елементи даних фіксованої довжини – загальна інформація
fixed length control field 260205b un ||||| |||| 00| 0 ukr d
020 ## - Міжнародний стандартний книжковий номер (ISBN)
Міжнародний стандартний книжковий номер (ISBN) (НП) 9789663744476
040 ## - Джерело каталогізації
Мова каталогізації ukr
Агенція, яка здійснювала перезапис UA-OsUOA
080 ## - Індекс Універсальної десяткової класифікації
Індекс Універсальної десяткової класифікації (УДК) (НП) 82.09:27
090 ## - Локальний шифр розміщення
Класифікаційний індекс УДК 82.09:27
Авторський знак (НП) М48
100 ## - Основне введення – ім’я особи
Ім’я особи (НП) Мельнікова Ю.
9 (RLIN) 23131
110 ## - Наймення організації – загальна інформація
Найменування колективу або юрисдикції як початковий елемент введення Бердянський державний педагогічний університет
9 (RLIN) 19849
245 ## - Відомості про назву
Назва (НП) Романтична проблематика християнського міфу у "Quid est veritas?" Наталени Королеви
Решта назви (НП) монографія
Дані про відповідальність (НП) Юлія Мельникова
260 ## - Публікація, розповсюдження і т.п. (Вихідні дані)
Місце публікації, розповсюдження і т.п. (П) Донецьк
Ім’я/ наймення видавництва, розповсюджувача і т.п. (П) Юго-Восток
Дата публікації, розповсюдження і т.п. (П) 2009
300 ## - Фізичний опис
Обсяг 197 с.
650 ## - Додаткове предметне введення – тематичний термін
Тематичний термін чи географічна назва, як елемент введення (НП) 82.09 Літературна критика. Літературні дослідження
9 (RLIN) 1582
942 ## - Додаткові елементи входу (Коха)
Тип елемента Koha Книги
Source of classification or shelving scheme Universal Decimal Classification
955 ## - Код типу видання за змістом
Код типу видання за змістом (НП) Наукові видання
Фонди
Стан вилучень Стан втрат Джерело класифікації або схеми стелажів Стан уражень Не для кредиту Постійне місце розташування Поточне розміщення Дата придбання Джерело придбання Вартість, звичайна ціна покупки Усього замовленно Повний номер виклику Штрих-код Дата останнього перегляду Вартість, ціна заміни Ціна ефективна від Тип елемента Koha
    Universal Decimal Classification     ЧЗ - Читальна зала ЧЗ - Читальна зала 05/02/2026 №04/05.02.2026 50.00   82.09:27 М48 169308 05/02/2026 50.00 05/02/2026 Книги